Entry Personal Name
Number of records used in: 2
001 - CONTROL NUMBER
003 - CONTROL NUMBER IDENTIFIER
005 - DATE AND TIME OF LATEST TRANSACTION
- control field:
20200107144340.0
008 - FIXED-LENGTH DATA ELEMENTS
- fixed length control field:
940228n| acannaab| |a aaa |||
010 ## - LIBRARY OF CONGRESS CONTROL NUMBER
- LC control number:
n 89298947
040 ## - CATALOGING SOURCE
- Original cataloging agency:
DLC
- Transcribing agency:
DLC
100 10 - HEADING--PERSONAL NAME
- Personal name:
Beri, G. C.
- Fuller form of name:
(Govind Chand),
- Dates associated with a name:
1932-
400 10 - SEE FROM TRACING--PERSONAL NAME
- Personal name:
Beri, Govind Chand,
- Dates associated with a name:
1932-
400 00 - SEE FROM TRACING--PERSONAL NAME
- Personal name:
Govind Chand Beri,
- Dates associated with a name:
1932-
670 ## - SOURCE DATA FOUND
- Source citation:
Research and development in Indian industry, 1993:
- Information found:
t.p. (G.C. Beri; former prof. and dean, Faculty of Mgt. Studies, M.S. U. of Baroda) t.p. verso (Govind Chand Beri; b. 1932)